Building a Story Brand 2.0 (Record no. 13727)

MARC details
000 -LEADER
fixed length control field 00365nam a22001577a 4500
003 - CONTROL NUMBER IDENTIFIER
control field OSt
008 - FIXED-LENGTH DATA ELEMENTS--GENERAL INFORMATION
fixed length control field 250916b |||||||| |||| 00| 0 eng d
020 ## - INTERNATIONAL STANDARD BOOK NUMBER
International Standard Book Number 9781400253715
082 ## - DEWEY DECIMAL CLASSIFICATION NUMBER
Classification number 658.8
Item number MIB
100 ## - MAIN ENTRY--PERSONAL NAME
Personal name MILLER,Donald
245 ## - TITLE STATEMENT
Title Building a Story Brand 2.0
250 ## - EDITION STATEMENT
Edition statement -
260 ## - PUBLICATION, DISTRIBUTION, ETC. (IMPRINT)
Place of publication, distribution, etc New Delhi
Name of publisher, distributor, etc Harper Collins
Date of publication, distribution, etc 2025
300 ## - PHYSICAL DESCRIPTION
Extent 286
942 ## - ADDED ENTRY ELEMENTS (KOHA)
Source of classification or shelving scheme Dewey Decimal Classification
Koha item type Reference Books
Holdings
Withdrawn status Lost status Source of classification or shelving scheme Damaged status Not for loan Collection code Home library Current library Date acquired Source of acquisition Currency Cost, normal purchase price Bill Number Total Checkouts Full call number Acc. no. / Barcode Date last seen Actual Cost, discounted price Bill Date Koha item type Date last borrowed
    Dewey Decimal Classification     GENERAL PIET C-LIBRARY PIET C-LIBRARY 15/09/2025 Zaffa Books INR 599.00 ZBD0250   658.8 MIB 39722 16/09/2025 419.30 14/09/2025 Reference Books  
    Dewey Decimal Classification     GENERAL PIET C-LIBRARY PIET C-LIBRARY 15/09/2025 Zaffa Books INR 599.00 ZBD0250 1 658.8 MIB 39723 27/11/2025 419.30 14/09/2025 Text Books 14/11/2025
    Dewey Decimal Classification     GENERAL PIET C-LIBRARY PIET C-LIBRARY 15/09/2025 Zaffa Books INR 599.00 ZBD0250   658.8 MIB 39724 16/09/2025 419.30 14/09/2025 Text Books  
    Dewey Decimal Classification     GENERAL PIET C-LIBRARY PIET C-LIBRARY 15/09/2025 Zaffa Books INR 599.00 ZBD0250   658.8 MIB 39725 16/09/2025 419.30 14/09/2025 Text Books  
    Dewey Decimal Classification     GENERAL PIET C-LIBRARY PIET C-LIBRARY 15/09/2025 Zaffa Books INR 599.00 ZBD0250   658.8 MIB 39726 16/09/2025 419.30 14/09/2025 Text Books  

Design & Developed by: PIET Central Library
R70 Miles Stone Pattikalyana Samalkha Panipat 132102
mail ID :- [email protected], Phone No:- 0180-2569700 Ex.216